000 00412nam a22001577a 4500
005 20250828120458.0
008 250828b |||||||| |||| 00| 0 eng d
020 _a978-81-7597-218-6
041 _aeng
082 _a491.2
100 _aPRASANNATMANANDA, SWAMI
_98650
245 _aSPEAK SANSKRIT IN 10 DAYS: a short course
260 _aMUMBAI
_bCENTRAL CHINMAYA MISSION TRUST
300 _a76;P
942 _cBK
999 _c8776
_d8774